[Event "17MCR_PFB"]
[Site "?"]
[Date "2003.??.??"]
[Round "?"]
[White "Soudny, Jiri"]
[Black "Trcka, Vaclav"]
[Result "1-0"]
[WhiteElo "2240"]
[BlackElo "2125"]
[PlyCount "63"]
[EventDate "2003.??.??"]
[EventType "corr"]
[EventRounds "1"]
[SourceDate "2005.10.25"]

1. d4 Nf6 2. c4 g6 3. Nc3 Bg7 4. e4 d6 5. Nf3 O-O 6. Be2 e5 7. O-O Nc6 8. d5
Ne7 9. b4 Nh5 10. Re1 f5 11. Ng5 Nf4 12. Bxf4 exf4 13. Rc1 h6 14. Ne6 Bxe6 15.
dxe6 Bxc3 16. Rxc3 fxe4 17. Bf1 e3 18. fxe3 f3 19. gxf3 Nf5 20. f4 Qf6 21. Rd3
Qxe6 22. Bg2 c6 23. e4 Ne7 24. Rxd6 Qxc4 25. Qd2 a5 26. Rd7 Rf7 27. Bh3 Kh7 28.
bxa5 Qc5+ 29. Kh1 Raf8 30. Rc1 Qh5 31. Bg2 Qh4 32. Rxb7 1-0

[Event "17MCR_PFB"]
[Site "?"]
[Date "2003.??.??"]
[Round "?"]
[White "Doudera, Lubomir"]
[Black "Chvojka, Jaroslav"]
[Result "1/2-1/2"]
[WhiteElo "2235"]
[BlackElo "2175"]
[PlyCount "125"]
[EventDate "2003.??.??"]
[EventType "corr"]
[EventRounds "1"]
[SourceDate "2005.10.25"]

1. e4 e5 2. Nf3 Nc6 3. Bc4 Bc5 4. c3 Nf6 5. d3 d6 6. O-O O-O 7. Bb3 a6 8. Nbd2
b5 9. Re1 a5 10. a4 b4 11. Nc4 Bg4 12. h3 Bh5 13. Be3 Bxe3 14. Nxe3 Rb8 15. Bc4
Ne7 16. Nf1 c6 17. Ng3 Bxf3 18. Qxf3 Qb6 19. Rac1 Qc5 20. Rc2 h6 21. Rec1 bxc3
22. bxc3 Rb6 23. Qd1 Rfb8 24. Nh5 Ne8 25. Ba2 Kf8 26. d4 exd4 27. cxd4 Qa3 28.
Nf4 Rb2 29. Rxb2 Rxb2 30. Bc4 Rb8 31. Nd3 Kg8 32. Qe1 Qxa4 33. Qe3 Nf6 34. e5
Nfd5 35. Qe2 Qa3 36. e6 fxe6 37. Qxe6+ Kh7 38. Bxd5 cxd5 39. Qxe7 Qxd3 40. Qxd6
Rb1 41. Rxb1 Qxb1+ 42. Kh2 a4 43. f3 Qb2 44. Qxd5 Qb8+ 45. f4 Qxf4+ 46. Kh1 a3
47. Qa5 Qd6 48. d5 h5 49. Qa4 g5 50. Qe8 Kg7 51. Qe3 Kf6 52. Qf3+ Kg7 53. Qe3
Kf6 54. Qf3+ Kg6 55. Qe4+ Kh6 56. Qd4 h4 57. Qh8+ Kg6 58. Qg8+ Kf5 59. Qh7+ Ke5
60. Qg7+ Kxd5 61. Qxg5+ Kc4 62. Qxh4+ Kb3 63. Qf2 1/2-1/2

[Event "17MCR_PFB"]
[Site "?"]
[Date "2003.??.??"]
[Round "?"]
[White "Kubelka, Martin"]
[Black "Valenta, Josef"]
[Result "1-0"]
[WhiteElo "2225"]
[BlackElo "2185"]
[PlyCount "63"]
[EventDate "2003.??.??"]
[EventType "corr"]
[EventRounds "1"]
[SourceDate "2005.10.25"]

1. d4 Nf6 2. c4 e6 3. Nf3 d5 4. Nc3 Be7 5. Bg5 O-O 6. e3 h6 7. Bh4 b6 8. Bd3
Bb7 9. O-O Nbd7 10. Qe2 c5 11. Rfd1 Ne4 12. Bg3 Nxg3 13. hxg3 cxd4 14. exd4 Nf6
15. Ne5 Rc8 16. Rac1 Bb4 17. a3 Bxc3 18. Rxc3 Qd6 19. Rdc1 dxc4 20. Rxc4 Rxc4
21. Rxc4 a6 22. Qe3 b5 23. Rc2 Rd8 24. Rd2 Qc7 25. Rd1 Rc8 26. Ra1 Ba8 27. a4
Qb7 28. Qf3 Qb6 29. Qe3 bxa4 30. Rxa4 Bb7 31. Qe2 Qxd4 32. Rxd4 1-0

[Event "17MCR_PFB"]
[Site "?"]
[Date "2003.??.??"]
[Round "?"]
[White "Novotny, Petr"]
[Black "Dundalek, Josef"]
[Result "1/2-1/2"]
[WhiteElo "2220"]
[BlackElo "2200"]
[PlyCount "94"]
[EventDate "2003.??.??"]
[EventType "corr"]
[EventRounds "1"]
[SourceDate "2005.10.25"]

1. e4 e5 2. Nf3 Nc6 3. Bb5 a6 4. Ba4 Nf6 5. O-O Be7 6. Re1 b5 7. Bb3 d6 8. c3
O-O 9. h3 Bb7 10. d4 Re8 11. Nbd2 Bf8 12. d5 Nb8 13. Nf1 Nbd7 14. Ng3 g6 15.
Be3 Bg7 16. c4 Nc5 17. Bc2 bxc4 18. Bxc5 dxc5 19. Ba4 Nd7 20. Rc1 Qe7 21. Nd2
Red8 22. Bxd7 Rxd7 23. Nxc4 Rb8 24. Qb3 Rdd8 25. Qc3 Qf6 26. b3 c6 27. d6 Bf8
28. Qxe5 Qxe5 29. Nxe5 Rxd6 30. Nc4 Rd4 31. e5 Bc8 32. Ne4 Bf5 33. Ned6 Be6 34.
Re2 Rd8 35. f3 h5 36. Rce1 Kg7 37. Kf2 h4 38. Rc2 Kh6 39. Nb7 Bxc4 40. Rxc4
R8d5 41. Rc2 Kg5 42. Na5 c4 43. Nxc4 Bc5 44. Kf1 Bb4 45. Re4 Rxe4 46. fxe4 Rd1+
47. Kf2 Kf4 1/2-1/2

[Event "17MCR_PFB"]
[Site "?"]
[Date "2003.??.??"]
[Round "?"]
[White "Jirk, Ales"]
[Black "Pecina, Pavel"]
[Result "1-0"]
[WhiteElo "2210"]
[BlackElo "2210"]
[PlyCount "91"]
[EventDate "2003.??.??"]
[EventType "corr"]
[EventRounds "1"]
[SourceDate "2005.10.25"]

1. d4 d5 2. c4 e6 3. Nc3 c6 4. e3 Nf6 5. Nf3 Nbd7 6. Bd3 dxc4 7. Bxc4 b5 8. Bd3
Bb7 9. O-O a6 10. e4 c5 11. d5 c4 12. Bc2 Qc7 13. dxe6 fxe6 14. Nd4 Qb6 15. Be3
Bc5 16. b4 Bxb4 17. Ndxb5 Qa5 18. Nd6+ Bxd6 19. Qxd6 Qe5 20. Rfd1 Qxd6 21. Rxd6
Ke7 22. Rad1 Rac8 23. Bg5 Bc6 24. f4 h6 25. Bh4 g5 26. fxg5 hxg5 27. Bxg5 Ne5
28. Bxf6+ Kxf6 29. Nd5+ Kf7 30. Rf1+ Kg7 31. Rxe6 Rhe8 32. Ne7 Rc7 33. Rxe5
Rexe7 34. Rg5+ Kh6 35. Rg3 Rf7 36. Rxf7 Rxf7 37. e5 Rg7 38. Rh3+ Kg5 39. Rg3+
Kh6 40. Rxg7 Kxg7 41. Kf2 Kf7 42. g4 Ke6 43. h4 Kxe5 44. h5 Bd5 45. h6 Kf6 46.
g5+ 1-0

[Event "17MCR_PFB"]
[Site "?"]
[Date "2003.??.??"]
[Round "?"]
[White "Dundalek, Josef"]
[Black "Jirk, Ales"]
[Result "0-1"]
[WhiteElo "2200"]
[BlackElo "2210"]
[PlyCount "68"]
[EventDate "2003.??.??"]
[EventType "corr"]
[EventRounds "1"]
[SourceDate "2005.10.25"]

1. d4 Nf6 2. c4 g6 3. Nc3 d5 4. cxd5 Nxd5 5. e4 Nxc3 6. bxc3 Bg7 7. Bc4 c5 8.
Ne2 Nc6 9. Be3 O-O 10. O-O Bg4 11. f3 Na5 12. Bxf7+ Rxf7 13. fxg4 Rxf1+ 14.
Kxf1 cxd4 15. cxd4 Qd6 16. Kg1 Qe6 17. Ng3 Rd8 18. Rb1 Qc4 19. d5 Qxa2 20. Bxa7
Nc4 21. Bc5 Nb2 22. Qf1 Rf8 23. Nf5 gxf5 24. gxf5 Nc4 25. Re1 Rc8 26. Bxe7 Bd4+
27. Kh1 Ne3 28. Qf3 Qd2 29. Bh4 Rc1 30. Qg3+ Kf7 31. Rxc1 Qxc1+ 32. Qe1 Qc2 33.
Bf2 Qxe4 34. Bxe3 Qxe3 0-1

[Event "17MCR_PFB"]
[Site "?"]
[Date "2003.??.??"]
[Round "?"]
[White "Valenta, Josef"]
[Black "Novotny, Petr"]
[Result "1/2-1/2"]
[WhiteElo "2185"]
[BlackElo "2220"]
[PlyCount "92"]
[EventDate "2003.??.??"]
[EventType "corr"]
[EventRounds "1"]
[SourceDate "2005.10.25"]

1. d4 Nf6 2. c4 e6 3. Nc3 Bb4 4. a3 Bxc3+ 5. bxc3 O-O 6. e3 d6 7. Bd3 e5 8. Ne2
e4 9. Bb1 b6 10. Ng3 Re8 11. Ba2 Nbd7 12. O-O Ba6 13. f3 Bb7 14. Rb1 Qe7 15.
Rb2 a6 16. Qa4 Qd8 17. Qd1 Rb8 18. Bb1 Ba8 19. fxe4 Bxe4 20. Nxe4 Nxe4 21. Bxe4
Rxe4 22. Qa4 a5 23. Rbf2 Nf6 24. Qc6 Qe7 25. Rf4 Rf8 26. Rf5 Qd7 27. Qxd7 Nxd7
28. h3 Nf6 29. Rb5 Re6 30. Bd2 h6 31. Rf4 Ne4 32. Be1 g6 33. Kf1 Rfe8 34. Ke2
f5 35. Rf1 Rf6 36. Kd1 Kg7 37. Kc1 Ref8 38. Rf4 g5 39. Rf1 Kg6 40. Kc2 h5 41.
h4 g4 42. Bd2 Rb8 43. a4 Re8 44. Rf4 Ng3 45. Rf2 Rfe6 46. Kd1 Re4 1/2-1/2

[Event "17MCR_PFB"]
[Site "?"]
[Date "2003.??.??"]
[Round "?"]
[White "Chvojka, Jaroslav"]
[Black "Kubelka, Martin"]
[Result "1-0"]
[WhiteElo "2175"]
[BlackElo "2225"]
[PlyCount "123"]
[EventDate "2003.??.??"]
[EventType "corr"]
[EventRounds "1"]
[SourceDate "2005.10.25"]

1. d4 Nf6 2. Bg5 e6 3. c4 Bb4+ 4. Nd2 h6 5. Bxf6 Qxf6 6. a3 Bxd2+ 7. Qxd2 O-O
8. e3 b6 9. Be2 Bb7 10. Bf3 Bxf3 11. Nxf3 d6 12. Qc2 c5 13. O-O-O cxd4 14. Rxd4
e5 15. Rd5 Nc6 16. Rhd1 Rfd8 17. b3 Ne7 18. R5d2 Rac8 19. Qc3 Nc6 20. Kb2 Qg6
21. Ne1 a5 22. a4 Rd7 23. f3 Qe6 24. e4 Ne7 25. Nc2 Rc5 26. Na3 Rc6 27. Nb5 Qf6
28. g3 Nc8 29. f4 Re7 30. f5 Rd7 31. Qe3 Qd8 32. g4 Qh4 33. Rg2 Kf8 34. g5 hxg5
35. Qxg5 Qxg5 36. Rxg5 f6 37. Rg3 Rf7 38. Kc1 Rd7 39. Nc3 Rb7 40. Rdg1 Rf7 41.
Rh3 Kg8 42. Rg4 Ne7 43. Rgh4 Rf8 44. Rh8+ Kf7 45. Rxf8+ Kxf8 46. Rh8+ Kf7 47.
Rd8 g6 48. fxg6+ Kxg6 49. Rd7 Nc8 50. Nd5 Kg5 51. Rf7 Rc5 52. Rxf6 Kg4 53. Rf7
Kg5 54. Kd2 Kh5 55. Ne3 Kg6 56. Rb7 Kg5 57. Kd3 Rc6 58. Rg7+ Kf6 59. Nf5 Rc5
60. Rb7 Kg5 61. h4+ Kg4 62. Ke3 1-0

[Event "17MCR_PFB"]
[Site "?"]
[Date "2003.??.??"]
[Round "?"]
[White "Trcka, Vaclav"]
[Black "Doudera, Lubomir"]
[Result "0-1"]
[WhiteElo "2125"]
[BlackElo "2235"]
[PlyCount "74"]
[EventDate "2003.??.??"]
[EventType "corr"]
[EventRounds "1"]
[SourceDate "2005.10.25"]

1. d4 d5 2. c4 c6 3. Nf3 Nf6 4. Nc3 dxc4 5. a4 Bf5 6. e3 e6 7. Bxc4 Bb4 8. O-O
Nbd7 9. Qe2 Bg6 10. e4 O-O 11. Bd3 Bh5 12. e5 Nd5 13. Nxd5 cxd5 14. Qe3 h6 15.
Bd2 Qe7 16. Bxb4 Qxb4 17. Ne1 Rac8 18. a5 Nb8 19. Nc2 Qe7 20. b4 a6 21. Rfb1
Bg6 22. Bxg6 fxg6 23. Ne1 Qe8 24. Nd3 Rc7 25. Rc1 Nc6 26. Rc3 g5 27. Rac1 Rcf7
28. h3 Kh7 29. R3c2 Rf5 30. Rd2 Kg8 31. Nc5 Qf7 32. Nxa6 Nxe5 33. dxe5 bxa6 34.
Rc6 Rf4 35. Rb2 g4 36. Kh2 Re4 37. Qg3 gxh3 0-1

[Event "17MCR_PFB"]
[Site "?"]
[Date "2003.??.??"]
[Round "?"]
[White "Vaindl, Jaroslav"]
[Black "Soudny, Jiri"]
[Result "0-1"]
[WhiteElo "2325"]
[BlackElo "2240"]
[PlyCount "39"]
[EventDate "2003.??.??"]
[EventType "corr"]
[EventRounds "1"]
[SourceDate "2005.10.25"]

1. e4 e6 2. d4 d5 3. Nc3 Nf6 4. Bg5 dxe4 5. Nxe4 Be7 6. Bxf6 Bxf6 7. Nf3 O-O 8.
Qd2 Nd7 9. O-O-O Be7 10. Bd3 b6 11. h4 Bb7 12. Rh3 c5 13. Rg3 Qc7 14. Nc3 Kh8
15. Be4 Bxe4 16. Nxe4 Rad8 17. h5 h6 18. d5 exd5 19. Qxd5 Nf6 20. Qf5 0-1

[Event "17MCR_PFB"]
[Site "?"]
[Date "2003.??.??"]
[Round "?"]
[White "Lounek, Jan"]
[Black "Hladecek, Miloslav"]
[Result "1/2-1/2"]
[WhiteElo "2320"]
[BlackElo "2240"]
[PlyCount "111"]
[EventDate "2003.??.??"]
[EventType "corr"]
[EventRounds "1"]
[SourceDate "2005.10.25"]

1. e4 c5 2. Nf3 d6 3. d4 cxd4 4. Nxd4 Nf6 5. Nc3 g6 6. Be3 Bg7 7. f3 Nc6 8. Qd2
Bd7 9. O-O-O Rc8 10. g4 h6 11. h4 Ne5 12. Kb1 Qc7 13. Rg1 Qd8 14. g5 hxg5 15.
hxg5 Nh5 16. Nd5 e6 17. Nc3 a6 18. f4 Nc4 19. Bxc4 Rxc4 20. Nde2 Rc6 21. Bd4 e5
22. fxe5 dxe5 23. Be3 Qc8 24. Nd5 Be6 25. Nec3 b5 26. Nb6 Qb8 27. Ncd5 Bxd5 28.
Nxd5 Qb7 29. Qf2 O-O 30. Bc5 Re8 31. Rh1 Nf4 32. Nf6+ Rxf6 33. gxf6 Bxf6 34.
Qh2 Nh5 35. Rdg1 Bg7 36. Rg4 Qc6 37. Be3 b4 38. Qg2 Nf4 39. Bxf4 exf4 40. Rxf4
Qc5 41. Rf3 Qd4 42. Rb3 a5 43. c3 Qd3+ 44. Qc2 Qf3 45. Rd1 bxc3 46. bxc3 a4 47.
Rb7 Rxe4 48. Rb8+ Bf8 49. Qd3 Qf5 50. c4 a3 51. Rd8 Kg7 52. Rd5 Qf6 53. Rb5 Rf4
54. Rc1 Rf3 55. Qd2 Kg8 56. Rd1 1/2-1/2

[Event "17MCR_PFB"]
[Site "?"]
[Date "2003.??.??"]
[Round "?"]
[White "Svajdler, Frantisek"]
[Black "Jerabek, Zdenek"]
[Result "0-1"]
[WhiteElo "2280"]
[BlackElo "2255"]
[PlyCount "44"]
[EventDate "2003.??.??"]
[EventType "corr"]
[EventRounds "1"]
[SourceDate "2005.10.25"]

1. e4 c5 2. c3 d6 3. d4 Nf6 4. Bd3 g6 5. dxc5 dxc5 6. e5 Nd5 7. Be4 Nb6 8.
Qxd8+ Kxd8 9. Na3 Nc6 10. Nf3 Bf5 11. Bxf5 gxf5 12. Be3 e6 13. O-O-O+ Kc8 14.
Rhe1 Nd5 15. Bd2 Rg8 16. g3 a6 17. Ng5 Rg7 18. f4 Be7 19. Nf3 b5 20. c4 bxc4
21. Nxc4 Kc7 22. Kb1 Rgg8 0-1

[Event "17MCR_PFB"]
[Site "?"]
[Date "2003.??.??"]
[Round "?"]
[White "Nejtek, Jiri"]
[Black "Bares, Jiri"]
[Result "1-0"]
[WhiteElo "2265"]
[BlackElo "2255"]
[PlyCount "89"]
[EventDate "2003.??.??"]
[EventType "corr"]
[EventRounds "1"]
[SourceDate "2005.10.25"]

1. e4 e5 2. Nf3 Nc6 3. Bb5 a6 4. Ba4 Nf6 5. O-O b5 6. Bb3 Nxe4 7. d4 d5 8. dxe5
Be6 9. Nbd2 Be7 10. c3 O-O 11. Qe2 Nc5 12. Nd4 Nxd4 13. cxd4 Nxb3 14. Nxb3 Qd7
15. Bd2 f6 16. f4 fxe5 17. fxe5 Rxf1+ 18. Rxf1 Bf5 19. a3 Rf8 20. Bb4 Bxb4 21.
axb4 Qe7 22. Nc5 Bc8 23. Rxf8+ Qxf8 24. Qh5 Qf7 25. Qh4 Qe8 26. Kf2 h6 27. Ke3
Kf8 28. Qf4+ Kg8 29. e6 Bxe6 30. Qe5 Kf7 31. Qxc7+ Qe7 32. Nxa6 Bd7+ 33. Qe5 g5
34. Kd3 Qf6 35. Qxd5+ Be6 36. Qf3 Bf5+ 37. Kc3 Qe6 38. Kd2 Kg6 39. Nb8 Qa2 40.
Qc3 Qb1 41. Nc6 Qe4 42. Ne5+ Kh7 43. Nf3 g4 44. Nh4 Bg6 45. g3 1-0

[Event "17MCR_PFB"]
[Site "?"]
[Date "2003.??.??"]
[Round "?"]
[White "Jerabek, Zdenek"]
[Black "Nejtek, Jiri"]
[Result "1/2-1/2"]
[WhiteElo "2255"]
[BlackElo "2265"]
[PlyCount "49"]
[EventDate "2003.??.??"]
[EventType "corr"]
[EventRounds "1"]
[SourceDate "2005.10.25"]

1. e4 e5 2. Nf3 Nf6 3. Nxe5 d6 4. Nf3 Nxe4 5. d4 d5 6. Bd3 Nc6 7. O-O Be7 8.
Re1 Bg4 9. c4 Nf6 10. cxd5 Nxd5 11. Nc3 O-O 12. h3 Be6 13. a3 Bf6 14. Bc2 Nb6
15. Be3 Bd5 16. Ne5 Ne7 17. Ng4 Ng6 18. Nxd5 Nxd5 19. Be4 Bh4 20. Ne5 Nxe3 21.
Rxe3 Nxe5 22. dxe5 Qxd1+ 23. Rxd1 Rfd8 24. Red3 Rxd3 25. Rxd3 1/2-1/2

[Event "17MCR_PFB"]
[Site "?"]
[Date "2003.??.??"]
[Round "?"]
[White "Hladecek, Miloslav"]
[Black "Svajdler, Frantisek"]
[Result "1-0"]
[WhiteElo "2240"]
[BlackElo "2280"]
[PlyCount "69"]
[EventDate "2003.??.??"]
[EventType "corr"]
[EventRounds "1"]
[SourceDate "2005.10.25"]

1. e4 e5 2. Nf3 Nc6 3. Bb5 a6 4. Ba4 Nf6 5. O-O Be7 6. Re1 b5 7. Bb3 d6 8. c3
O-O 9. h3 Na5 10. Bc2 c5 11. d4 Qc7 12. Nbd2 cxd4 13. cxd4 Bd7 14. Nf1 Rac8 15.
Ne3 Rfe8 16. b3 Nc6 17. Bb2 Bf8 18. Rc1 Qb7 19. Nf1 g6 20. Qd2 exd4 21. Nxd4
Bg7 22. Nxc6 Bxc6 23. f3 d5 24. e5 Nd7 25. f4 b4 26. Nh2 a5 27. Bb1 Qb6+ 28.
Bd4 Qd8 29. Bd3 Bb7 30. Rxc8 Qxc8 31. Ng4 h5 32. Ne3 Qd8 33. Rd1 Bh6 34. Qf2
Qc7 35. Qg3 1-0

[Event "17MCR_PFB"]
[Site "?"]
[Date "2003.??.??"]
[Round "?"]
[White "Soudny, Jiri"]
[Black "Lounek, Jan"]
[Result "1-0"]
[WhiteElo "2240"]
[BlackElo "2320"]
[PlyCount "129"]
[EventDate "2003.??.??"]
[EventType "corr"]
[EventRounds "1"]
[SourceDate "2005.10.25"]

1. e4 c5 2. Nf3 d6 3. d4 cxd4 4. Nxd4 Nf6 5. Nc3 a6 6. Be3 e6 7. Qd2 b5 8. f3
Nbd7 9. g4 Nb6 10. O-O-O Bb7 11. Qf2 Nfd7 12. Bd3 Rc8 13. Nce2 Qc7 14. Kb1 Na4
15. h4 Ndc5 16. Rc1 e5 17. Nb3 Be7 18. h5 d5 19. exd5 Bxd5 20. Bf5 Rd8 21. g5
O-O 22. Qg3 Bc4 23. Rh2 Bxe2 24. Bxc5 Bxc5 25. Rxe2 Ba3 26. c3 Nxb2 27. Rxb2
Bxb2 28. Kxb2 Kh8 29. Rc2 Rfe8 30. Be4 Kg8 31. Qf2 Rd6 32. Qe3 Qc4 33. h6 g6
34. f4 exf4 35. Qxf4 Rde6 36. Nd4 Rb6 37. a3 a5 38. Bf3 Re7 39. Rd2 Kf8 40. Be2
Qc7 41. Qxc7 Rxc7 42. Bxb5 f6 43. Kb3 fxg5 44. Rg2 Rc5 45. c4 g4 46. Rxg4 g5
47. Nf3 Rxh6 48. Nxg5 Rf5 49. Ka4 Ke7 50. Ne4 Rg6 51. Rh4 h5 52. Kxa5 Rg4 53.
Rxg4 hxg4 54. Kb6 Rf4 55. Bc6 g3 56. Nxg3 Rxc4 57. a4 Kd8 58. a5 Rb4+ 59. Bb5
Kc8 60. a6 Kb8 61. Nh5 Rb3 62. Nf4 Rb2 63. Nd5 Kc8 64. Nc7 Ra2 65. Bc4 1-0

[Event "17MCR_PFB"]
[Site "?"]
[Date "2003.??.??"]
[Round "?"]
[White "Doudera, Lubomir"]
[Black "Vaindl, Jaroslav"]
[Result "1/2-1/2"]
[WhiteElo "2235"]
[BlackElo "2325"]
[PlyCount "42"]
[EventDate "2003.??.??"]
[EventType "corr"]
[EventRounds "1"]
[SourceDate "2005.10.25"]

1. e4 c5 2. c3 Nf6 3. e5 Nd5 4. d4 cxd4 5. Nf3 Nc6 6. Bc4 Nb6 7. Bb3 d5 8. exd6
Qxd6 9. O-O Be6 10. Na3 dxc3 11. Nb1 Qxd1 12. Rxd1 Rc8 13. Bxe6 fxe6 14. Nxc3
g6 15. Ng5 e5 16. Ne6 Nd4 17. Nxd4 exd4 18. Rxd4 Bg7 19. Re4 Rc4 20. Re2 Bxc3
21. bxc3 Nd5 1/2-1/2

[Event "17MCR_PFB"]
[Site "?"]
[Date "2003.??.??"]
[Round "?"]
[White "Kubelka, Martin"]
[Black "Trcka, Vaclav"]
[Result "0-1"]
[WhiteElo "2225"]
[BlackElo "2125"]
[PlyCount "92"]
[EventDate "2003.??.??"]
[EventType "corr"]
[EventRounds "1"]
[SourceDate "2005.10.25"]

1. d4 Nf6 2. c4 g6 3. Nc3 Bg7 4. e4 d6 5. Nf3 O-O 6. Be2 e5 7. O-O Nc6 8. d5
Ne7 9. Nd2 a5 10. Rb1 Nd7 11. a3 f5 12. b4 Kh8 13. f3 axb4 14. axb4 c6 15. Rf2
Nf6 16. Nf1 cxd5 17. cxd5 Bd7 18. Bd2 f4 19. Be1 g5 20. Nd2 Nc8 21. Rf1 Rg8 22.
Nc4 Bf8 23. b5 Be7 24. b6 Qe8 25. Qd3 g4 26. Bh4 g3 27. hxg3 Qg6 28. Bxf6+ Bxf6
29. g4 Bd8 30. Rb2 h5 31. Nb5 Nxb6 32. Nbxd6 Nxc4 33. Nxc4 b5 34. Nxe5 Bb6+ 35.
Rf2 Bxf2+ 36. Kxf2 Qb6+ 37. Ke1 Ra1+ 38. Rb1 Rga8 39. Kf1 Rxb1+ 40. Qxb1 Qd4
41. Ng6+ Kg7 42. Nh4 hxg4 43. Bd1 Ra1 44. Qc2 Rxd1+ 45. Ke2 gxf3+ 46. gxf3 Rh1
0-1

[Event "17MCR_PFB"]
[Site "?"]
[Date "2003.??.??"]
[Round "?"]
[White "Novotny, Petr"]
[Black "Chvojka, Jaroslav"]
[Result "0-1"]
[WhiteElo "2220"]
[BlackElo "2175"]
[PlyCount "128"]
[EventDate "2003.??.??"]
[EventType "corr"]
[EventRounds "1"]
[SourceDate "2005.10.25"]

1. e4 e5 2. Nf3 Nc6 3. Bb5 a6 4. Ba4 Nf6 5. O-O Be7 6. Re1 b5 7. Bb3 d6 8. c3
O-O 9. h3 Bb7 10. d4 Na5 11. Bc2 c5 12. d5 Nc4 13. b3 Nb6 14. Nbd2 Ne8 15. a4
bxa4 16. bxa4 a5 17. Bd3 Nf6 18. Rb1 Rb8 19. Bb5 Qc7 20. c4 Ra8 21. Nf1 Rfb8
22. Ng3 g6 23. Qc2 Bf8 24. Be3 Bg7 25. Rb2 Nc8 26. Ne2 Nh5 27. Reb1 Ne7 28. Bg5
Bf6 29. Ng3 Bxg5 30. Nxh5 gxh5 31. Nxg5 h6 32. Nf3 Ng6 33. Ne1 Kh7 34. Qd1 Rg8
35. Qxh5 Bc8 36. Bc6 Nf4 37. Qd1 Ra7 38. Kh2 Qd8 39. Rb3 Qh4 40. R1b2 f6 41.
Bb7 Bd7 42. Rg3 Bxh3 43. Nf3 Qh5 44. gxh3 Rxg3 45. fxg3 Qxh3+ 46. Kg1 Qxg3+ 47.
Kh1 Qh3+ 48. Rh2 Qg4 49. Qb3 Kh8 50. Bc6 Rg7 51. Qe3 Kg8 52. Ne1 Nh5 53. Rh3
Ng3+ 54. Rxg3 Qxg3 55. Qxg3 Rxg3 56. Ng2 Rg4 57. Ne3 Rxe4 58. Nf5 Rxc4 59. Nxd6
Rc1+ 60. Kg2 c4 61. Kf3 c3 62. Ke2 e4 63. Nxe4 c2 64. Kd2 Re1 0-1

[Event "17MCR_PFB"]
[Site "?"]
[Date "2003.??.??"]
[Round "?"]
[White "Jirk, Ales"]
[Black "Valenta, Josef"]
[Result "1-0"]
[WhiteElo "2210"]
[BlackElo "2185"]
[PlyCount "85"]
[EventDate "2003.??.??"]
[EventType "corr"]
[EventRounds "1"]
[SourceDate "2005.10.25"]

1. e4 g6 2. d4 Bg7 3. Nc3 d6 4. Be3 c6 5. Qd2 b5 6. Bd3 Nd7 7. Nf3 Qc7 8. O-O
Bb7 9. Rfe1 a6 10. a4 b4 11. Ne2 c5 12. Ng3 Ngf6 13. c3 bxc3 14. bxc3 Ng4 15.
Bg5 h6 16. Bh4 Rb8 17. Qe2 Qa5 18. h3 cxd4 19. hxg4 dxc3 20. Nf1 h5 21. gxh5
Rxh5 22. Rab1 Qxa4 23. Ne3 Qa5 24. Bc4 Nc5 25. Bd5 e6 26. Bg3 Qc7 27. Nc4 Bf8
28. Bxb7 Rxb7 29. Rxb7 Nxb7 30. Rc1 Nc5 31. Rxc3 Qb7 32. Nfd2 d5 33. exd5 Qxd5
34. Be5 Be7 35. Nf3 Ne4 36. Re3 Nc5 37. Bd4 Nd7 38. Qc2 Qf5 39. Rd3 Qe4 40.
Nce5 Nxe5 41. Bxe5 Qb7 42. Rb3 Bb4 43. Bf6 1-0

[Event "17MCR_PFB"]
[Site "?"]
[Date "2003.??.??"]
[Round "?"]
[White "Pecina, Pavel"]
[Black "Dundalek, Josef"]
[Result "1-0"]
[WhiteElo "2210"]
[BlackElo "2200"]
[PlyCount "99"]
[EventDate "2003.??.??"]
[EventType "corr"]
[EventRounds "1"]
[SourceDate "2005.10.25"]

1. e4 c5 2. Nf3 d6 3. Bb5+ Bd7 4. Bxd7+ Qxd7 5. c4 Qg4 6. O-O Qxe4 7. d4 cxd4
8. Nxd4 Nc6 9. Nb5 O-O-O 10. Be3 a6 11. N1c3 Qxc4 12. Nd4 Kb8 13. Nce2 Nxd4 14.
Nxd4 e5 15. Rc1 Qd5 16. Qc2 Qc5 17. Qb3 exd4 18. Rxc5 dxc5 19. Bf4+ Ka7 20.
Qxf7 Nf6 21. Be5 Bd6 22. Bxf6 gxf6 23. Qxf6 Rhe8 24. Rd1 Rd7 25. Kf1 Rf8 26.
Qe6 Rff7 27. g3 Rfe7 28. Qf5 Rf7 29. Qd3 Rde7 30. b4 b6 31. Qc4 cxb4 32. Rxd4
Bc5 33. Rf4 Rxf4 34. Qxf4 a5 35. g4 b5 36. g5 a4 37. Qf6 Kb7 38. f4 Re3 39. Qf5
Kb6 40. Qxh7 Rf3+ 41. Kg2 Rf2+ 42. Kh3 Rxa2 43. g6 Bg1 44. Qe7 Rxh2+ 45. Kg3
Rd2 46. Qf6+ Kc7 47. g7 Rd8 48. Qxd8+ Kxd8 49. g8=Q+ Kc7 50. Kf3 1-0

[Event "17MCR_PFB"]
[Site "?"]
[Date "2003.??.??"]
[Round "?"]
[White "Valenta, Josef"]
[Black "Pecina, Pavel"]
[Result "1/2-1/2"]
[WhiteElo "2185"]
[BlackElo "2210"]
[PlyCount "62"]
[EventDate "2003.??.??"]
[EventType "corr"]
[EventRounds "1"]
[SourceDate "2005.10.25"]

1. d4 d5 2. c4 c6 3. cxd5 cxd5 4. Nc3 Nf6 5. Bg5 Ne4 6. Nxe4 dxe4 7. a3 Qd5 8.
Bh4 Nc6 9. e3 e5 10. Ne2 Bg4 11. Nc3 Qd7 12. Be2 Bxe2 13. Nxe2 exd4 14. exd4
Bd6 15. O-O O-O 16. Re1 Rfe8 17. Qd2 Ne7 18. Rad1 Nd5 19. Nc3 Bf4 20. Qc2 Nxc3
21. Qxc3 Rac8 22. Qb3 a5 23. a4 Qg4 24. Bg3 Bxg3 25. hxg3 Qd7 26. d5 h6 27. Rd4
Rc5 28. Red1 Qd6 29. Qxb7 Rb8 30. Qa7 f5 31. R4d2 Rf8 1/2-1/2

[Event "17MCR_PFB"]
[Site "?"]
[Date "2003.??.??"]
[Round "?"]
[White "Chvojka, Jaroslav"]
[Black "Jirk, Ales"]
[Result "0-1"]
[WhiteElo "2175"]
[BlackElo "2210"]
[PlyCount "68"]
[EventDate "2003.??.??"]
[EventType "corr"]
[EventRounds "1"]
[SourceDate "2005.10.25"]

1. d4 Nf6 2. Bg5 c5 3. Bxf6 gxf6 4. c3 Qb6 5. Qc2 d5 6. dxc5 Qxc5 7. Nd2 Nc6 8.
Ngf3 f5 9. e3 e5 10. g3 Qb6 11. Bh3 f4 12. Bxc8 fxe3 13. Bf5 exd2+ 14. Nxd2 Ne7
15. Qa4+ Qc6 16. Bc2 Bg7 17. O-O-O b5 18. Qa3 a5 19. c4 Rc8 20. Qxa5 O-O 21.
Qxb5 Qh6 22. f4 e4 23. Nxe4 dxe4 24. Bxe4 Qe6 25. Rhe1 Rxc4+ 26. Bc2 Qc8 27.
Qb3 Qc5 28. Rxe7 Rxc2+ 29. Qxc2 Qxe7 30. Rd2 Rb8 31. b3 Qf6 32. Rd1 Re8 33. h4
h5 34. a4 Re3 0-1

[Event "17MCR_PFB"]
[Site "?"]
[Date "2003.??.??"]
[Round "?"]
[White "Trcka, Vaclav"]
[Black "Novotny, Petr"]
[Result "1/2-1/2"]
[WhiteElo "2125"]
[BlackElo "2220"]
[PlyCount "56"]
[EventDate "2003.??.??"]
[EventType "corr"]
[EventRounds "1"]
[SourceDate "2005.10.25"]

1. d4 Nf6 2. c4 e6 3. Nc3 Bb4 4. e3 O-O 5. Bd3 c5 6. Nf3 cxd4 7. exd4 d5 8. O-O
dxc4 9. Bxc4 Nc6 10. Bg5 Be7 11. Rc1 a6 12. a3 b5 13. Ba2 Bb7 14. Bb1 Rc8 15.
Qd3 g6 16. b4 Re8 17. Rfe1 Nd5 18. Ne4 Bxg5 19. Nexg5 Nce7 20. Rc5 Nf5 21. Ne4
Nb6 22. Rec1 Qe7 23. Ba2 Nd6 24. Ng3 Nbc4 25. Nd2 Nxd2 26. Qxd2 Qh4 27. d5 exd5
28. Bxd5 Rcd8 1/2-1/2

[Event "17MCR_PFB"]
[Site "?"]
[Date "2003.??.??"]
[Round "?"]
[White "Vaindl, Jaroslav"]
[Black "Kubelka, Martin"]
[Result "1/2-1/2"]
[WhiteElo "2325"]
[BlackElo "2225"]
[PlyCount "74"]
[EventDate "2003.??.??"]
[EventType "corr"]
[EventRounds "1"]
[SourceDate "2005.10.25"]

1. d4 Nf6 2. c4 e6 3. Nc3 Bb4 4. e3 O-O 5. Bd3 d5 6. Nf3 c5 7. O-O Nc6 8. a3
Bxc3 9. bxc3 dxc4 10. Bxc4 Qc7 11. Ba2 e5 12. h3 e4 13. Nh2 b6 14. c4 Rd8 15.
d5 Ne5 16. Bb2 Qd6 17. f4 Nd3 18. Bc3 b5 19. Bxf6 Qxf6 20. cxb5 Bb7 21. Ng4 Qf5
22. Ne5 Bxd5 23. Bxd5 Rxd5 24. Nc6 Kf8 25. Qa4 Rd6 26. Rab1 Qd5 27. Qa6 Qe6 28.
Qb7 Qe8 29. Ne5 f5 30. g4 Rdd8 31. a4 Kg8 32. gxf5 Nxe5 33. fxe5 Qxe5 34. Rf4
Qd5 35. Qxd5+ Rxd5 36. Rxe4 Rxf5 37. a5 Rb8 1/2-1/2